| Поле | Название | Значение |
| |
Тип записи |
a |
| |
Библиографический уровень |
m |
| 001 |
Контрольный номер |
RU/SLIB/B/208721454 |
| 005 |
Дата корректировки |
20201206203946.0 |
| 010 |
Индекс ISBN |
__ |
| a |
ISBN |
985-06-0548-0 |
| d |
Цена |
95-00 |
| 101 |
Язык документа |
__ |
| a |
Язык текста |
rus |
| c |
Язык оригинала |
rus |
| 200 |
Заглавие и сведения об ответственности |
0_ |
| a |
Заглавие |
Актуальные вопросы гинекологии |
| f |
Первые сведения об ответственности |
Т. Н. Колгушкина |
| b |
Общее обозначение материала |
Текст |
| 210 |
Выходные данные |
__ |
| a |
Место издания |
Минск |
| c |
Издательство |
Вышэйш. шк. |
| d |
Дата издания |
2000 |
| 215 |
Физическое описание |
__ |
| a |
Объем |
333 с. |
| 320 |
Библиография |
__ |
| a |
Библиография |
Библиогр.: с. 323-327. - Предм. указ.: с. 328-330 |
| 330 |
Аннотация |
__ |
| a |
Аннотация |
Рассмотрено патогенез, диагностика и терапия нейроэндокринных синдромов, воспалительных заболеваний гениталий, нарушение менструальной функции. Представлены современные взгляды на проблему бесплодного брака, сведения о механизме действия, эффективности и приемлемости различных видов контрацепции. Освещены гинекологические заболевания детского и подросткового возраста. Для акушеров- гинекологов, эндокринологов, студентов медицинских вузов. |
| 606 |
Тематические рубрики |
__ |
| a |
Основная рубрика |
Акушерство и гинекология в целом |
| 606 |
Тематические рубрики |
__ |
| a |
Основная рубрика |
Здравоохранение. Медицинские науки |
| 610 |
Ключевые слова |
__ |
| a |
Ключевые слова |
женщины; внутренние болезни; терапия; патологии; диагностика заболеваний; семьи; планирование семьи; менструальный цикл; менструация; нейроэндокринный синдром; бесплодие; брак; контрацепция; стерилизация; беременность; болезни; подростки; искусственные аборты; противозачаточные средства; климакс; бракосочетание |
| 686 |
Индексы других классификаций |
__ |
| a |
Классификационный индекс |
57.1 |
| 700 |
Автор |
_1 |
| a |
Фамилия |
Колгушкина |
| b |
Имя |
Т. Н. |
| 4 |
Код отношения |
070 |
| 801 |
Источник записи |
_0 |
| a |
Страна |
RU |
| b |
Организация |
Муниципальное бюджетное учреждение культуры "Централизованная библиотечная система" г. Сургут (Центральная городская библиотека им. А. С. Пушкина) |
| g |
Правила каталогизации |
КиК/Котельникова |
| 801 |
Источник записи |
_1 |
| a |
Страна |
RU |
| b |
Организация |
Муниципальное бюджетное учреждение культуры "Централизованная библиотечная система" г. Сургут (Центральная городская библиотека им. А. С. Пушкина) |
| g |
Правила каталогизации |
КиК/Котельникова |
| 852 |
Данные о местонахождении |
__ |
| j |
Шифр хранения |
57.1 |
| i |
Авторский знак |
К 60 |
| 901 |
Тип документа |
__ |
| t |
Тип документа |
m |
| 903 |
Характеристики (МАРС) |
__ |
| a |
Дата передачи |
20010905 |
| 990 |
Данные о заказе (DOS) |
__ |
| j |
Количество экземпляров (DOS) |
7 |
| t |
N записи в КСУ для И/У (DOS) |
200109 |